| 000 | 00381 a2200169 4500 | ||
|---|---|---|---|
| 001 | 73637 | ||
| 020 | _a857479619-8 | ||
| 040 | _cAnchieta - Colégio São Paulo | ||
| 100 | _aishiguro, Kazuo | ||
| 240 | 1 | 0 |
_aQuando Éramos Órfãos _lpor |
| 245 | 1 | 0 | _aQuando Éramos Órfãos |
| 300 | _a393 | ||
| 362 | 0 | _a1995 | |
| 440 | 1 | _aRecord | |
| 650 | 4 | _aFicção inglesa | |
| 942 | _cBK | ||
| 999 |
_c73637 _d73637 |
||